Дело о поднесении его величеству императору сочинений профессора Университета Святого Владимира Максимовича и ротмистра Владисла...

Доступно только в Электронных читальных залах Найти на картеНа карте
RUSMARC
00003712nmc2a22002413x 450
001a0c3a061-b871-404f-946f-23e4ca847aab
00520250620161312.0
100##$a20241203l18391840k l0rusy0189 ca
1010#$arus
102##$aRU
105##$ay###
1222#$ad
2001#$aДело о поднесении его величеству императору сочинений профессора Университета Святого Владимира Максимовича и ротмистра Владиславлева с объявлением первому монаршего благоволения и о пожаловании последнему подарка
$j1 августа 1839 г. - 28 января 1840 г.
215##$a34 л.
$d36,5х26 см
251##$cДело
300##$aНа обложке указано: "№146"
371##$aДокумент не является опубликованным и широко распространяемым
461#0$10012b5b8419-5ce4-4d16-a7a3-85720a295f1f
$12001
$aКанцелярия министра народного просвещения
$1251
$cФонд
$1852
$j735
462#0$1001562cc287-b13c-4f02-8029-f81535ba1e2e
$12001
$aКанцелярия министра народного просвещения
$1251
$cОпись
$1852
$j2
801#0$aRU
$bРГИА
$c20241203
$gRCR
801#1$aRU
$bГлавНИВЦ
$c20241203
$2rusmarc
801#2$aRU
$bПБ им. Б.Н. Ельцина
$c20250620
$gRCR
$2rusmarc
850##$aРГИА
852##$aРГИА
$eФедеральное казенное учреждение "Российский государственный исторический архив" (РГИА)
$j123
937##$hРГИА
$d12420800
$aASBIBLIO_SCAN
035##$aRusGRCC00082897
856##$uhttp://readingroom.main.prlib.ru/item.aspx?id_node=n196812975&mode=full
Формат отображения